| 000 | 00458nam a22001817a 4500 | ||
|---|---|---|---|
| 003 | MPLRDC | ||
| 005 | 20220104143126.0 | ||
| 008 | 210129b ||||| |||| 00| 0 eng d | ||
| 020 | _a957-557-812-0 | ||
| 082 | _a574.109 ZJYJ | ||
| 100 | _a中江要仲等著 | ||
| 245 |
_a中国的危机与商机 _c |
||
| 250 | _a初版一刷 | ||
| 260 |
_a _b大展有限公司出版社 _c1998 |
||
| 300 | _b平 | ||
| 650 | _a中国政治 | ||
| 942 |
_cBK _o574.109 ZJYJ |
||
| 999 |
_c36867 _d36857 |
||